<?xml version="1.0" encoding="UTF-8"?>
<record
    xmlns:xsi="http://www.w3.org/2001/XMLSchema-instance"
    xsi:schemaLocation="http://www.loc.gov/MARC21/slim http://www.loc.gov/standards/marcxml/schema/MARC21slim.xsd"
    xmlns="http://www.loc.gov/MARC21/slim">

  <leader>01060nam a2200289 a 4500</leader>
  <controlfield tag="008">                                        </controlfield>
  <datafield tag="020" ind1=" " ind2=" ">
    <subfield code="a">0397546238 (hbk. )</subfield>
  </datafield>
  <datafield tag="049" ind1=" " ind2=" ">
    <subfield code="a">MAIN</subfield>
  </datafield>
  <datafield tag="090" ind1="0" ind2=" ">
    <subfield code="a">REF RC76 BAT</subfield>
  </datafield>
  <datafield tag="100" ind1="1" ind2=" ">
    <subfield code="a">Bates, Barbara</subfield>
  </datafield>
  <datafield tag="245" ind1="1" ind2="2">
    <subfield code="a">A guide to physical examination and history taking /</subfield>
    <subfield code="c">Barbara Bates ; with a chapter on the pediatric examination by Robert A. Hoekelman,  ; illustrations by Susan Shapiro Brenman, Robert Wabnitz and staff, University of Rochester School of Medicine.</subfield>
  </datafield>
  <datafield tag="250" ind1=" " ind2=" ">
    <subfield code="a">4th ed.</subfield>
  </datafield>
  <datafield tag="260" ind1=" " ind2=" ">
    <subfield code="a">Philadelphia :</subfield>
    <subfield code="b">Lippincott,</subfield>
    <subfield code="c">1987.</subfield>
  </datafield>
  <datafield tag="300" ind1=" " ind2=" ">
    <subfield code="a">xxii, 661 p. :</subfield>
    <subfield code="b">ill. (some col.) ;</subfield>
    <subfield code="c">29 cm.</subfield>
  </datafield>
  <datafield tag="500" ind1=" " ind2=" ">
    <subfield code="a">Includes index.</subfield>
  </datafield>
  <datafield tag="504" ind1=" " ind2=" ">
    <subfield code="a">Includes bibliographical references.</subfield>
  </datafield>
  <datafield tag="650" ind1=" " ind2="0">
    <subfield code="a">Physical diagnosis.</subfield>
  </datafield>
  <datafield tag="650" ind1=" " ind2="0">
    <subfield code="a">Medical history taking.</subfield>
  </datafield>
  <datafield tag="650" ind1=" " ind2="0">
    <subfield code="a">Children</subfield>
    <subfield code="x">Medical examinations.</subfield>
  </datafield>
  <datafield tag="650" ind1=" " ind2="2">
    <subfield code="a">Physical Examination.</subfield>
  </datafield>
  <datafield tag="700" ind1="1" ind2=" ">
    <subfield code="a">Hoekelman, Robert A.</subfield>
  </datafield>
  <datafield tag="907" ind1=" " ind2=" ">
    <subfield code="a">.b10390923</subfield>
    <subfield code="b">17-05-18</subfield>
    <subfield code="c">07-05-18</subfield>
  </datafield>
  <controlfield tag="003"></controlfield>
  <controlfield tag="005">20230120204228.0</controlfield>
  <datafield tag="040" ind1=" " ind2=" ">
    <subfield code="c">NUST</subfield>
  </datafield>
  <datafield tag="942" ind1=" " ind2=" ">
    <subfield code="c">BOOKS</subfield>
    <subfield code="k">REF RC76 BAT</subfield>
  </datafield>
  <datafield tag="999" ind1=" " ind2=" ">
    <subfield code="c">119464</subfield>
    <subfield code="d">119464</subfield>
  </datafield>
  <datafield tag="952" ind1=" " ind2=" ">
    <subfield code="r">2023-01-20 00:00:00</subfield>
    <subfield code="l">0</subfield>
    <subfield code="o">REF RC76 BAT</subfield>
    <subfield code="p">92004045289</subfield>
    <subfield code="v">80.00</subfield>
    <subfield code="w">2023-01-20</subfield>
    <subfield code="y">BOOKS</subfield>
    <subfield code="1">0</subfield>
    <subfield code="2">LCC</subfield>
    <subfield code="4">0</subfield>
    <subfield code="7">0</subfield>
    <subfield code="8">NFIC</subfield>
    <subfield code="0">0</subfield>
    <subfield code="a">Medical</subfield>
    <subfield code="b">Medical</subfield>
    <subfield code="c">GEN</subfield>
    <subfield code="d">2023-01-20</subfield>
    <subfield code="g">80.00</subfield>
  </datafield>
</record>
